[Event "NB II. Breyer csoport"]
[Site "Zsambek"]
[Date "2023.10.08"]
[Round "1.2"]
[White "Varga, Vilmos"]
[Black "Dibusz, Ferenc"]
[Result "1/2-1/2"]
[WhiteElo "2119"]
[BlackElo "2145"]
[PlyCount "53"]
[EventDate "2023.10.08"]
[EventType "team-tourn"]
[EventRounds "9"]
[EventCountry "HUN"]
[Source "chess.hu"]
[WhiteTeam "Zsambeki SBE"]
[BlackTeam "Geniusz Tata-Naszaly"]
[WhiteTeamCountry "HUN"]
[BlackTeamCountry "HUN"]

1. e4 c5 2. Nf3 e6 3. d4 d5 4. exd5 exd5 5. Bb5+ Bd7 6. Qe2+ Qe7 7. O-O Qxe2 8.
Bxe2 Bd6 9. Nc3 Ne7 10. Nb5 Bxb5 11. Bxb5+ Nbc6 12. dxc5 Bxc5 13. c3 O-O 14.
Re1 a6 15. Ba4 b5 16. Bb3 Rfd8 17. Bg5 Ra7 18. Rad1 Rad7 19. h3 Kf8 20. Be3 Bd6
21. Kf1 Bb8 22. Bb6 Re8 23. Bc5 Bd6 24. Bb6 Rb8 25. Be3 Bc7 26. Bc5 Bd6 27. Be3
1/2-1/2

[Event "NB II. Breyer csoport"]
[Site "Zsambek"]
[Date "2023.10.08"]
[Round "1.3"]
[White "Kovacs, David"]
[Black "Nemeth, Miklos"]
[Result "1-0"]
[WhiteElo "2112"]
[BlackElo "2032"]
[PlyCount "55"]
[EventDate "2023.10.08"]
[EventType "team-tourn"]
[EventRounds "9"]
[EventCountry "HUN"]
[Source "chess.hu"]
[WhiteTeam "Geniusz Tata-Naszaly"]
[BlackTeam "Zsambeki SBE"]
[WhiteTeamCountry "HUN"]
[BlackTeamCountry "HUN"]

1. e4 e5 2. Nf3 Nc6 3. Bb5 a6 4. Ba4 Nf6 5. O-O Be7 6. Re1 b5 7. Bb3 d6 8. c3
O-O 9. d3 Na5 10. Bc2 c5 11. Nbd2 Qc7 12. Nf1 Ne8 13. Ne3 Bb7 14. b4 cxb4 15.
cxb4 Nc6 16. Nd5 Qd8 17. Be3 Nf6 18. Bb3 Nxd5 19. Bxd5 Qd7 20. Qb3 Nd8 21. Rac1
Bxd5 22. Qxd5 Ne6 23. Nxe5 Qe8 24. Nc6 Nc7 25. Nxe7+ Qxe7 26. Qb7 Rfc8 27. Bb6
Rab8 28. Rxc7 1-0

[Event "NB II. Breyer csoport"]
[Site "Zsambek"]
[Date "2023.10.08"]
[Round "1.4"]
[White "Rummel, Zsolt"]
[Black "Kovacs, Gabor Etele"]
[Result "1/2-1/2"]
[WhiteElo "2089"]
[BlackElo "2092"]
[PlyCount "68"]
[EventDate "2023.10.08"]
[EventType "team-tourn"]
[EventRounds "9"]
[EventCountry "HUN"]
[Source "chess.hu"]
[WhiteTeam "Zsambeki SBE"]
[BlackTeam "Geniusz Tata-Naszaly"]
[WhiteTeamCountry "HUN"]
[BlackTeamCountry "HUN"]

1. d4 d5 2. c4 e6 3. g3 Nf6 4. Bg2 Be7 5. Nf3 O-O 6. O-O Nbd7 7. Qc2 c6 8. b3
b6 9. Bb2 Bb7 10. Nbd2 Rc8 11. e4 Nxe4 12. Nxe4 dxe4 13. Qxe4 Qc7 14. Ne5 Rfd8
15. f4 Nxe5 16. fxe5 Bf8 17. Rf4 Rd7 18. Raf1 Rcd8 19. Rh4 g6 20. Qg4 Re8 21.
Rf6 c5 22. d5 exd5 23. e6 Rxe6 24. Rxe6 fxe6 25. Qxe6+ Rf7 26. cxd5 Bg7 27.
Bxg7 Kxg7 28. d6 Qd7 29. Qe5+ Kg8 30. Bxb7 Qxb7 31. Qe8+ Kg7 32. Qe5+ Kg8 33.
Qe8+ Kg7 34. Qe5+ Kg8 1/2-1/2

[Event "NB II. Breyer csoport"]
[Site "Zsambek"]
[Date "2023.10.08"]
[Round "1.5"]
[White "Szabo-Toth, Gabor"]
[Black "Kecskes, Gabor"]
[Result "1-0"]
[WhiteElo "2000"]
[BlackElo "2156"]
[PlyCount "73"]
[EventDate "2023.10.08"]
[EventType "team-tourn"]
[EventRounds "9"]
[EventCountry "HUN"]
[Source "chess.hu"]
[WhiteTeam "Geniusz Tata-Naszaly"]
[BlackTeam "Zsambeki SBE"]
[WhiteTeamCountry "HUN"]
[BlackTeamCountry "HUN"]

1. e4 e6 2. d4 d5 3. e5 c5 4. c3 Nc6 5. Nf3 Nge7 6. Na3 Nf5 7. Nc2 Bd7 8. Bd3
cxd4 9. cxd4 Nb4 10. Nxb4 Bxb4+ 11. Bd2 Qa5 12. Rc1 O-O 13. a3 Bxd2+ 14. Qxd2
Qxd2+ 15. Kxd2 Rac8 16. b4 Rxc1 17. Rxc1 Rc8 18. Rxc8+ Bxc8 19. g4 Ne7 20. Bb5
Kf8 21. h4 f6 22. Ke3 b6 23. Bd3 h6 24. exf6 gxf6 25. g5 hxg5 26. hxg5 Kf7 27.
gxf6 Kxf6 28. Ne5 Bb7 29. b5 Nc8 30. Kf4 Nd6 31. a4 Nf7 32. Nxf7 Kxf7 33. Ke5
Ke7 34. f4 Bc8 35. f5 Bd7 36. f6+ Kf7 37. Be2 1-0

[Event "NB II. Breyer csoport"]
[Site "Zsambek"]
[Date "2023.10.08"]
[Round "1.6"]
[White "Bitto, Zoltan"]
[Black "Kovacs, Reka"]
[Result "1-0"]
[WhiteElo "2009"]
[BlackElo "1845"]
[PlyCount "115"]
[EventDate "2023.10.08"]
[EventType "team-tourn"]
[EventRounds "9"]
[EventCountry "HUN"]
[Source "chess.hu"]
[WhiteTeam "Zsambeki SBE"]
[BlackTeam "Geniusz Tata-Naszaly"]
[WhiteTeamCountry "HUN"]
[BlackTeamCountry "HUN"]

1. d4 f5 2. c4 Nf6 3. Nc3 d6 4. f3 e5 5. dxe5 dxe5 6. Qxd8+ Kxd8 7. Bg5 Be7 8.
O-O-O+ Bd7 9. e4 fxe4 10. fxe4 Nd5 11. Bxe7+ Nxe7 12. Nf3 Ng6 13. g3 c6 14. h4
h5 15. Bh3 Kc7 16. Bf5 Ne7 17. Nxe5 Nxf5 18. Nxd7 Nxg3 19. Rhg1 Nxd7 20. Rxg3
Rhg8 21. Rdg1 Raf8 22. Rxg7 Rxg7 23. Rxg7 Kd6 24. Rg5 Rh8 25. Ne2 Re8 26. Ng3
Nf6 27. c5+ Kc7 28. e5 Nd7 29. Nxh5 Rxe5 30. Rxe5 Nxe5 31. Nf4 Kd7 32. Kc2 Ke7
33. b4 Kf6 34. a4 Kf5 35. Ng2 Kg4 36. Kc3 Kg3 37. Ne3 Kxh4 38. Nf5+ Kg5 39. Nd6
Kf6 40. Nxb7 Ke6 41. Kd4 Nf7 42. b5 cxb5 43. axb5 Kd7 44. Kd5 Kc7 45. Nd6 Ng5
46. Nf5 Nh7 47. Nd4 Nf6+ 48. Kc4 Kb7 49. Nc6 Ne4 50. Kd4 Nd2 51. Kd5 Nb3 52.
Kd6 Nd2 53. Kd7 Nb3 54. Nd8+ Ka8 55. Ne6 Na5 56. Kc8 a6 57. b6 Nc6 58. Nc7# 1-0

[Event "NB II. Breyer csoport"]
[Site "Zsambek"]
[Date "2023.10.08"]
[Round "1.7"]
[White "Laszlo, Imre"]
[Black "Balog, Tamas"]
[Result "1-0"]
[WhiteElo "1976"]
[BlackElo "2040"]
[PlyCount "101"]
[EventDate "2023.10.08"]
[EventType "team-tourn"]
[EventRounds "9"]
[EventCountry "HUN"]
[Source "chess.hu"]
[WhiteTeam "Geniusz Tata-Naszaly"]
[BlackTeam "Zsambeki SBE"]
[WhiteTeamCountry "HUN"]
[BlackTeamCountry "HUN"]

1. e4 c6 2. d3 d5 3. Nd2 e5 4. Ngf3 Bd6 5. g3 Nf6 6. Bg2 O-O 7. O-O Nbd7 8. Re1
Qb6 9. h3 Re8 10. Qe2 a5 11. a4 Qc7 12. Nh2 Nc5 13. Ndf1 dxe4 14. dxe4 Ne6 15.
c3 b6 16. Ne3 Ba6 17. Qc2 Nc5 18. Rd1 Rad8 19. f3 Bf8 20. Bf1 Bxf1 21. Nhxf1
Rxd1 22. Nxd1 Qd7 23. Nf2 Qe6 24. Be3 Qc4 25. Bxc5 Bxc5 26. b3 Qe6 27. Kg2 Bxf2
28. Kxf2 Qxh3 29. Rd1 Qe6 30. Kg2 h5 31. Ne3 Qe7 32. Nc4 Qc7 33. Qd3 Re7 34.
Qd6 Qb7 35. Nxe5 Ne8 36. Qd4 c5 37. Qd5 Qc7 38. Nc4 h4 39. f4 hxg3 40. Kxg3 Re6
41. e5 Rg6+ 42. Kf3 Qc8 43. Qd7 Qa8+ 44. Rd5 Kh7 45. Ne3 Kg8 46. c4 Re6 47. Nf5
Kf8 48. Kf2 g6 49. Ne3 Re7 50. Qh3 Qc6 51. Qh8# 1-0

[Event "NB II. Breyer csoport"]
[Site "Zsambek"]
[Date "2023.10.08"]
[Round "1.8"]
[White "Nagy, Gyorgy"]
[Black "Kossela, Peter"]
[Result "1/2-1/2"]
[WhiteElo "1803"]
[BlackElo "1854"]
[PlyCount "94"]
[EventDate "2023.10.08"]
[EventType "team-tourn"]
[EventRounds "9"]
[EventCountry "HUN"]
[Source "chess.hu"]
[WhiteTeam "Zsambeki SBE"]
[BlackTeam "Geniusz Tata-Naszaly"]
[WhiteTeamCountry "HUN"]
[BlackTeamCountry "HUN"]

1. d4 Nf6 2. c4 e6 3. Nc3 d5 4. Bg5 Be7 5. e3 h6 6. Bh4 O-O 7. Nf3 Nbd7 8. Bd3
c5 9. O-O cxd4 10. Nxd4 Ne5 11. cxd5 Nxd3 12. Qxd3 Nxd5 13. Bxe7 Nxe7 14. Rfd1
a6 15. Rac1 e5 16. Nb3 Qxd3 17. Rxd3 Nc6 18. Rd6 Bf5 19. h3 Rfd8 20. Rcd1 Bc2
21. Rxd8+ Rxd8 22. Rxd8+ Nxd8 23. Nc5 f6 24. f3 Bg6 25. Kf2 Be8 26. a3 Kf7 27.
N3e4 Ke7 28. g4 Bc6 29. h4 Nf7 30. Ke2 b6 31. Nb3 Bxe4 32. fxe4 Kd6 33. Nd2 Kc5
34. Kd3 Nd6 35. Nf1 Nc4 36. Kc3 a5 37. a4 b5 38. axb5 Kxb5 39. b3 Nd6 40. Ng3
g6 41. h5 gxh5 42. gxh5 Kc5 43. Kd3 Kb4 44. Kc2 Kb5 45. Kd3 Kc5 46. Kc3 Nb5+
47. Kb2 Nd6 1/2-1/2

[Event "NB II. Breyer csoport"]
[Site "Zsambek"]
[Date "2023.10.08"]
[Round "1.9"]
[White "Eros, Vivien"]
[Black "Tessedik, Karoly"]
[Result "1-0"]
[WhiteElo "1800"]
[BlackElo "1797"]
[PlyCount "65"]
[EventDate "2023.10.08"]
[EventType "team-tourn"]
[EventRounds "9"]
[EventCountry "HUN"]
[Source "chess.hu"]
[WhiteTeam "Geniusz Tata-Naszaly"]
[BlackTeam "Zsambeki SBE"]
[WhiteTeamCountry "HUN"]
[BlackTeamCountry "HUN"]

1. d4 g6 2. Nf3 Bg7 3. Bf4 c5 4. e3 cxd4 5. exd4 Nf6 6. c3 d6 7. Bd3 O-O 8. O-O
Bg4 9. h3 Bd7 10. Nbd2 Nc6 11. Ne4 Nd5 12. Bh2 Bf5 13. Re1 Re8 14. Qb3 Nb6 15.
Neg5 Rf8 16. Bxf5 gxf5 17. h4 h6 18. Nh3 e6 19. Nf4 Kh7 20. d5 exd5 21. Nxd5
Na5 22. Qb5 Nac4 23. Nxb6 Nxb6 24. Qxf5+ Kg8 25. Rad1 d5 26. Be5 Qc8 27. Qf4
Qc6 28. Bxg7 Kxg7 29. Re7 Rab8 30. Rxf7+ Rxf7 31. Qxb8 Qa4 32. Rd4 Qxa2 33.
Rg4+ 1-0

[Event "NB II. Breyer csoport"]
[Site "Zsambek"]
[Date "2023.10.08"]
[Round "1.10"]
[White "Metzger, Istvan"]
[Black "Vancsisin, Mark"]
[Result "0-1"]
[WhiteElo "1761"]
[BlackElo "1795"]
[PlyCount "100"]
[EventDate "2023.10.08"]
[EventType "team-tourn"]
[EventRounds "9"]
[EventCountry "HUN"]
[Source "chess.hu"]
[WhiteTeam "Zsambeki SBE"]
[BlackTeam "Geniusz Tata-Naszaly"]
[WhiteTeamCountry "HUN"]
[BlackTeamCountry "HUN"]

1. e4 e5 2. Nf3 Nc6 3. Nc3 Nf6 4. d4 exd4 5. Nxd4 Bb4 6. Nxc6 bxc6 7. Bd2 d5 8.
exd5 cxd5 9. Bb5+ Bd7 10. Qe2+ Be7 11. Bxd7+ Qxd7 12. O-O O-O 13. Bg5 c6 14.
Qf3 Rab8 15. b3 h6 16. Bf4 Rbc8 17. Rad1 Qf5 18. Rd3 Nd7 19. Qg3 Qg6 20. Qxg6
fxg6 21. Be3 Ne5 22. Rdd1 Bb4 23. Na4 Rf7 24. Bd2 Bd6 25. h3 g5 26. Be3 g4 27.
h4 Ng6 28. c4 Nxh4 29. cxd5 Rf5 30. dxc6 Bb8 31. Rc1 Rh5 32. c7 Rxc7 33. Rxc7
Bxc7 34. Rc1 Bd6 35. Kf1 g3 36. Rc6 Nf5 37. Bxa7 Rh1+ 38. Ke2 Bb4 39. fxg3
Nxg3+ 40. Kf3 Nf5 41. Kg4 Rf1 42. Rc2 h5+ 43. Kxh5 Nh6 44. g4 Kh7 45. Bc5 Be1
46. Rh2 Bg3 47. Rh3 Be5 48. Be7 g6+ 49. Kh4 Rf4 50. Re3 Nf5+ 0-1

[Event "NB II. Breyer csoport"]
[Site "Zsambek"]
[Date "2023.10.08"]
[Round "1.11"]
[White "Toth, Kincso"]
[Black "Pomozi, Mate"]
[Result "1-0"]
[WhiteElo "1723"]
[BlackElo "1302"]
[PlyCount "41"]
[EventDate "2023.10.08"]
[EventType "team-tourn"]
[EventRounds "9"]
[EventCountry "HUN"]
[Source "chess.hu"]
[WhiteTeam "Geniusz Tata-Naszaly"]
[BlackTeam "Zsambeki SBE"]
[WhiteTeamCountry "HUN"]
[BlackTeamCountry "HUN"]

1. e4 e5 2. Nf3 Nc6 3. Nc3 Nf6 4. d4 exd4 5. Nd5 Nxe4 6. Bd3 Nf6 7. Qe2+ Be7 8.
Nxf6+ gxf6 9. Nh4 d6 10. Nf5 Nb4 11. Ng7+ Kf8 12. Bh6 Nxd3+ 13. Qxd3 Kg8 14.
Qg3 Kf8 15. Ne6+ Ke8 16. Nxd8 Kxd8 17. O-O-O c5 18. Rhe1 Be6 19. a3 Kd7 20. Qf3
b5 21. Qb7+ 1-0

[Event "NB II. Breyer csoport"]
[Site "Zsambek"]
[Date "2023.10.08"]
[Round "1.12"]
[White "Liu, Qili"]
[Black "Kasa, Barnabas"]
[Result "0-1"]
[WhiteElo "1069"]
[BlackElo "1732"]
[PlyCount "48"]
[EventDate "2023.10.08"]
[EventType "team-tourn"]
[EventRounds "9"]
[EventCountry "HUN"]
[Source "chess.hu"]
[WhiteTeam "Zsambeki SBE"]
[BlackTeam "Geniusz Tata-Naszaly"]
[WhiteTeamCountry "HUN"]
[BlackTeamCountry "HUN"]

1. e4 e5 2. Nf3 Nc6 3. Bc4 Bc5 4. O-O Nf6 5. d3 d6 6. h3 h6 7. a3 g5 8. Nc3 g4
9. hxg4 Bxg4 10. b4 Bb6 11. Be3 Rg8 12. Bb5 Bh3 13. Bxh6 Rxg2+ 14. Kh1 Ng4 15.
d4 Rxf2 16. Bg5 f6 17. Bh4 Bxf1 18. Bxf1 Nxd4 19. Bb5+ c6 20. Nxd4 Rh2+ 21. Kg1
Bxd4+ 22. Kf1 Ne3+ 23. Ke1 Nxd1 24. Nxd1 Rxh4 0-1

[Event "NB II. Breyer csoport"]
[Site "Torokbalint,"]
[Date "2023.10.29"]
[Round "2.1"]
[White "Pasztor, Balazs"]
[Black "Dupsky, Laszlo"]
[Result "1-0"]
[WhiteElo "2353"]
[BlackElo "2200"]
[PlyCount "95"]
[EventDate "2023.10.08"]
[EventType "team-tourn"]
[EventRounds "9"]
[EventCountry "HUN"]
[Source "chess.hu"]
[WhiteTeam "Geniusz Tata-Naszaly"]
[BlackTeam "Torokbalinti Sakk SE"]
[WhiteTeamCountry "HUN"]
[BlackTeamCountry "HUN"]

1. e4 d5 2. exd5 Nf6 3. d4 Nxd5 4. c4 Nb6 5. Nf3 g6 6. Nc3 Bg7 7. Be3 O-O 8.
Qd2 Nc6 9. h3 e5 10. d5 Ne7 11. g4 f5 12. Bh6 e4 13. Bxg7 Kxg7 14. Nh2 c5 15.
O-O-O Ng8 16. g5 h5 17. f3 Re8 18. Qf4 Qe7 19. Re1 Qe5 20. Qxe5+ Rxe5 21. h4
Bd7 22. fxe4 fxe4 23. Rxe4 Rae8 24. Rxe5 Rxe5 25. Kd2 Ne7 26. b3 Nf5 27. Nf3
Re3 28. Bg2 Nc8 29. Re1 Rxe1 30. Kxe1 Ncd6 31. Kf2 Ne7 32. Ne5 Bf5 33. Kg3 Bc2
34. Kf4 Nef5 35. Nf3 Kf7 36. Bh3 Nd4 37. Ne5+ Kg7 38. Nd7 b6 39. Ne5 Bf5 40.
Bg2 a6 41. Na4 Bb1 42. Nc3 Bf5 43. Be4 Nxe4 44. Nxe4 Ne2+ 45. Ke3 Bxe4 46. Kxe4
Nc3+ 47. Kf4 Nxa2 48. d6 1-0

[Event "NB II. Breyer csoport"]
[Site "Torokbalint,"]
[Date "2023.10.29"]
[Round "2.2"]
[White "Bereczki, Istvan"]
[Black "Giang, Tran Nam"]
[Result "1/2-1/2"]
[WhiteElo "2052"]
[BlackElo "2160"]
[PlyCount "120"]
[EventDate "2023.10.08"]
[EventType "team-tourn"]
[EventRounds "9"]
[EventCountry "HUN"]
[Source "chess.hu"]
[WhiteTeam "Torokbalinti Sakk SE"]
[BlackTeam "Geniusz Tata-Naszaly"]
[WhiteTeamCountry "HUN"]
[BlackTeamCountry "HUN"]

1. a3 g6 2. c4 c5 3. Nf3 Bg7 4. Nc3 Nc6 5. g3 b6 6. Bg2 Bb7 7. O-O d6 8. Rb1
Qd7 9. b4 e6 10. Qc2 Nge7 11. d3 O-O 12. Rd1 Rac8 13. e3 Nf5 14. Ne2 cxb4 15.
axb4 d5 16. Qb3 d4 17. e4 Nfe7 18. b5 Na5 19. Qa2 f5 20. exf5 Nxf5 21. Nf4 Kh8
22. c5 Bxf3 23. Bxf3 Rfe8 24. Bd2 Bh6 25. Bxa5 bxa5 26. Bc6 Rxc6 27. bxc6 Qxc6
28. Ng2 Qxc5 29. Rb7 Nd6 30. Qa4 Rf8 31. Rb2 e5 32. Qc2 Qd5 33. Rdb1 Bg5 34.
Qc7 Rf7 35. Qc2 Kg7 36. h4 Bd8 37. Qe2 Bb6 38. Kh2 e4 39. Nf4 Qe5 40. dxe4 Rxf4
41. gxf4 Qxf4+ 42. Kg2 Qxh4 43. Rxb6 axb6 44. f3 Qg5+ 45. Kf1 b5 46. Rd1 Qe5
47. Qd2 Nc4 48. Qxd4 Qxd4 49. Rxd4 a4 50. Rd7+ Kf6 51. Rb7 a3 52. Ke2 h5 53. f4
h4 54. Kf2 Ke6 55. f5+ gxf5 56. exf5+ Kf6 57. Kg1 Kg5 58. Kh2 Kxf5 59. Rxb5+
Ke4 60. Rb8 Kd3 1/2-1/2

[Event "NB II. Breyer csoport"]
[Site "Torokbalint,"]
[Date "2023.10.29"]
[Round "2.3"]
[White "Dibusz, Ferenc"]
[Black "Mullner, Imre"]
[Result "1-0"]
[WhiteElo "2145"]
[BlackElo "2044"]
[PlyCount "43"]
[EventDate "2023.10.08"]
[EventType "team-tourn"]
[EventRounds "9"]
[EventCountry "HUN"]
[Source "chess.hu"]
[WhiteTeam "Geniusz Tata-Naszaly"]
[BlackTeam "Torokbalinti Sakk SE"]
[WhiteTeamCountry "HUN"]
[BlackTeamCountry "HUN"]

1. c4 Nf6 2. Nc3 g6 3. g3 d5 4. cxd5 Nxd5 5. Bg2 Nxc3 6. bxc3 Bg7 7. Rb1 c6 8.
Qc2 O-O 9. d4 Nd7 10. Nf3 e5 11. O-O Qc7 12. Rd1 b6 13. Ba3 Re8 14. Ng5 Bf8 15.
Qb3 Nf6 16. Bxc6 Bb7 17. Bxe8 Rxe8 18. Bxf8 Rxf8 19. d5 h6 20. d6 Qc6 21. Nf3
e4 22. Ne5 1-0

[Event "NB II. Breyer csoport"]
[Site "Torokbalint,"]
[Date "2023.10.29"]
[Round "2.4"]
[White "Sinka, Csaba"]
[Black "Szabo-Toth, Gabor"]
[Result "1/2-1/2"]
[WhiteElo "2007"]
[BlackElo "2000"]
[PlyCount "56"]
[EventDate "2023.10.08"]
[EventType "team-tourn"]
[EventRounds "9"]
[EventCountry "HUN"]
[Source "chess.hu"]
[WhiteTeam "Torokbalinti Sakk SE"]
[BlackTeam "Geniusz Tata-Naszaly"]
[WhiteTeamCountry "HUN"]
[BlackTeamCountry "HUN"]

1. e4 c5 2. Nf3 e6 3. d4 cxd4 4. Nxd4 Nf6 5. Nc3 Nc6 6. Be3 Bb4 7. Nxc6 bxc6 8.
e5 Nd5 9. Bd2 Qc7 10. Qh5 Qa5 11. Ne4 Bxd2+ 12. Nxd2 Nf4 13. Qg5 Ng6 14. f4 h6
15. Qg3 Rb8 16. c3 O-O 17. b3 Ba6 18. Bc4 Ne7 19. O-O Rbd8 20. Bxa6 Qxa6 21.
Nc4 Nf5 22. Qf2 d5 23. exd6 Nxd6 24. Ne5 Nf5 25. Rfd1 Ne7 26. c4 Qb6 27. Nd7
Qxf2+ 28. Kxf2 Rfe8 1/2-1/2

[Event "NB II. Breyer csoport"]
[Site "Torokbalint,"]
[Date "2023.10.29"]
[Round "2.5"]
[White "Sipos, Stefania"]
[Black "Hajdu, Roland"]
[Result "1-0"]
[WhiteElo "1953"]
[BlackElo "1837"]
[PlyCount "69"]
[EventDate "2023.10.08"]
[EventType "team-tourn"]
[EventRounds "9"]
[EventCountry "HUN"]
[Source "chess.hu"]
[WhiteTeam "Geniusz Tata-Naszaly"]
[BlackTeam "Torokbalinti Sakk SE"]
[WhiteTeamCountry "HUN"]
[BlackTeamCountry "HUN"]

1. e4 c5 2. Nf3 Nc6 3. d4 cxd4 4. Nxd4 Nf6 5. Nc3 g6 6. Be3 Bg7 7. Bc4 d6 8. f3
Bd7 9. Qd2 Rc8 10. Bb3 Ne5 11. O-O-O O-O 12. g4 Nc4 13. Bxc4 Rxc4 14. Kb1 Qc7
15. h4 h5 16. gxh5 Nxh5 17. Nd5 Qd8 18. b3 Rc5 19. Bg5 f6 20. Bh6 e5 21. Ne2
Be6 22. Bxg7 Kxg7 23. Ne3 Rc6 24. Rhg1 f5 25. exf5 Bxf5 26. Nxf5+ Rxf5 27. Qd3
Qf6 28. Ng3 Nxg3 29. Rxg3 Rh5 30. Rdg1 Rf5 31. h5 g5 32. h6+ Kh8 33. Qe3 Qxh6
34. Qxa7 Qh2 35. Qa8+ 1-0

[Event "NB II. Breyer csoport"]
[Site "Torokbalint,"]
[Date "2023.10.29"]
[Round "2.6"]
[White "Kazinczy, Jeno"]
[Black "Kovacs, Reka"]
[Result "0-1"]
[WhiteElo "1795"]
[BlackElo "1845"]
[PlyCount "102"]
[EventDate "2023.10.08"]
[EventType "team-tourn"]
[EventRounds "9"]
[EventCountry "HUN"]
[Source "chess.hu"]
[WhiteTeam "Torokbalinti Sakk SE"]
[BlackTeam "Geniusz Tata-Naszaly"]
[WhiteTeamCountry "HUN"]
[BlackTeamCountry "HUN"]

1. e4 e5 2. Nf3 Nc6 3. Bc4 Nf6 4. Ng5 d5 5. exd5 Na5 6. Bb5+ c6 7. dxc6 bxc6 8.
Bf1 h6 9. Nh3 Bc5 10. Nc3 Bg4 11. f3 Bxh3 12. gxh3 Nd5 13. Qe2 Qh4+ 14. Kd1
Nxc3+ 15. bxc3 O-O 16. d3 Rfe8 17. Be3 Ba3 18. Rg1 Bb2 19. Qg2 Qf6 20. Rb1 Bxc3
21. Bd2 e4 22. fxe4 Rab8 23. Rc1 Rb2 24. Bxc3 Qxc3 25. Qd2 Qf6 26. Bg2 Rxa2 27.
Rf1 Qe7 28. Rb1 Nc4 29. Qf2 Nb2+ 30. Rxb2 Rxb2 31. Qd4 Rb1+ 32. Ke2 Rxf1 33.
Bxf1 a5 34. Qa4 Qc7 35. Ke3 Re6 36. Be2 Qxh2 37. Bg4 Rf6 38. Kd4 Rd6+ 39. Kc3
Qe5+ 40. Kd2 Qb5 41. Qxb5 cxb5 42. Kc3 Rc6+ 43. Kb2 b4 44. Bd7 Rc3 45. e5 Kf8
46. d4 Ke7 47. Bf5 g6 48. Bg4 h5 49. Be2 Rxh3 50. d5 Re3 51. d6+ Ke8 0-1

[Event "NB II. Breyer csoport"]
[Site "Torokbalint,"]
[Date "2023.10.29"]
[Round "2.7"]
[White "Laszlo, Imre"]
[Black "Palinkas, Tamas"]
[Result "1-0"]
[WhiteElo "1976"]
[BlackElo "1728"]
[PlyCount "54"]
[EventDate "2023.10.08"]
[EventType "team-tourn"]
[EventRounds "9"]
[EventCountry "HUN"]
[Source "chess.hu"]
[WhiteTeam "Geniusz Tata-Naszaly"]
[BlackTeam "Torokbalinti Sakk SE"]
[WhiteTeamCountry "HUN"]
[BlackTeamCountry "HUN"]

1. e4 c5 2. Nf3 e6 3. d4 cxd4 4. Nxd4 Nc6 5. Nc3 Bb4 6. Ndb5 a6 7. Nd6+ Bxd6 8.
Qxd6 Nge7 9. Be3 O-O 10. f4 f5 11. e5 Ng6 12. O-O-O Rf7 13. Na4 Qe7 14. Nb6
Qxd6 15. Rxd6 Rb8 16. Bc4 Nf8 17. Bc5 Na5 18. Be2 Ng6 19. Bh5 Nxf4 20. Bxf7+
Kxf7 21. Nxd7 Bxd7 22. Rxd7+ Kg6 23. Bd6 Rc8 24. Rc7 Rd8 25. b4 Nc6 26. Rxb7
Nd4 27. g3 Nb5 1-0

[Event "NB II. Breyer csoport"]
[Site "Torokbalint,"]
[Date "2023.10.29"]
[Round "2.8"]
[White "Labancz, Janos"]
[Black "Eros, Vivien"]
[Result "1/2-1/2"]
[WhiteElo "1645"]
[BlackElo "1800"]
[PlyCount "117"]
[EventDate "2023.10.08"]
[EventType "team-tourn"]
[EventRounds "9"]
[EventCountry "HUN"]
[Source "chess.hu"]
[WhiteTeam "Torokbalinti Sakk SE"]
[BlackTeam "Geniusz Tata-Naszaly"]
[WhiteTeamCountry "HUN"]
[BlackTeamCountry "HUN"]

1. d4 d5 2. c4 e6 3. Nc3 Nf6 4. Nf3 Nbd7 5. cxd5 exd5 6. Bf4 c6 7. h3 Be7 8. e3
O-O 9. Bd3 Re8 10. O-O Nf8 11. Bh2 Ng6 12. Qc2 Bd6 13. Rfe1 Bxh2+ 14. Kxh2 Qd6+
15. Kg1 Be6 16. Rad1 Rac8 17. e4 dxe4 18. Nxe4 Nxe4 19. Bxe4 Bd5 20. b3 Bxe4
21. Rxe4 Nf4 22. Ne5 Nd5 23. Rde1 Nf6 24. Nc4 Qd7 25. Rxe8+ Rxe8 26. Rxe8+ Qxe8
27. Qd2 h6 28. f3 Qd7 29. Qf4 a6 30. Qd6 Qxd6 31. Nxd6 b6 32. Nc4 Nd5 33. Ne5
Nc3 34. Nxc6 Nxa2 35. d5 Kf8 36. d6 Ke8 37. Ne5 f6 38. Nc4 b5 39. Ne3 Kd7 40.
Kf1 g6 41. Ng4 f5 42. Nxh6 Kxd6 43. g4 fxg4 44. fxg4 Nc1 45. Nf7+ Ke6 46. Nd8+
Kd5 47. h4 Nxb3 48. h5 gxh5 49. gxh5 Ke5 50. Ke1 a5 51. Kd1 a4 52. Kc2 Nd4+ 53.
Kb2 b4 54. h6 Kf6 55. Nb7 a3+ 56. Ka2 Kg6 57. Nc5 Kxh6 58. Nd3 Nc6 59. Nxb4
1/2-1/2

[Event "NB II. Breyer csoport"]
[Site "Torokbalint,"]
[Date "2023.10.29"]
[Round "2.9"]
[White "Polyanszky-Tamasi, Zoltan Dr"]
[Black "Nagy, Botond"]
[Result "0-1"]
[WhiteElo "1809"]
[BlackElo "1557"]
[PlyCount "92"]
[EventDate "2023.10.08"]
[EventType "team-tourn"]
[EventRounds "9"]
[EventCountry "HUN"]
[Source "chess.hu"]
[WhiteTeam "Geniusz Tata-Naszaly"]
[BlackTeam "Torokbalinti Sakk SE"]
[WhiteTeamCountry "HUN"]
[BlackTeamCountry "HUN"]

1. d4 d5 2. Nf3 Nf6 3. e3 e6 4. Bd3 Bd6 5. Nbd2 O-O 6. c3 Nbd7 7. O-O b6 8. Re1
Bb7 9. e4 dxe4 10. Nxe4 Be7 11. Neg5 c5 12. Qe2 Bd5 13. c4 Bxf3 14. Qxf3 h6 15.
Nh3 cxd4 16. Qg3 Kh8 17. Qh4 Ng8 18. Qxd4 Bf6 19. Qe4 g6 20. Qe2 Bg7 21. Rb1
Ne5 22. Be4 Rc8 23. b3 Qe7 24. Bf4 Nc6 25. Rbd1 Nd4 26. Qe3 e5 27. Bb1 Rfe8 28.
Bg3 Rc6 29. Qc1 Re6 30. Be4 Qc5 31. Kh1 Nf6 32. f3 Nxe4 33. fxe4 f5 34. Bf2 Qd6
35. Ng1 fxe4 36. Rxe4 Qc6 37. Qb1 Nf5 38. Nf3 Nd6 39. Rh4 Nf5 40. Rh3 e4 41.
Nd4 Nxd4 42. Bxd4 Bxd4 43. Rxd4 e3 44. Rf3 e2 45. Qe1 Qc5 46. Rd5 Qb4 0-1

[Event "NB II. Breyer csoport"]
[Site "Torokbalint,"]
[Date "2023.10.29"]
[Round "2.10"]
[White "Pilis, Peter"]
[Black "Szucs, Edina"]
[Result "0-1"]
[WhiteElo "1521"]
[BlackElo "1906"]
[PlyCount "25"]
[EventDate "2023.10.08"]
[EventType "team-tourn"]
[EventRounds "9"]
[EventCountry "HUN"]
[Source "chess.hu"]
[WhiteTeam "Torokbalinti Sakk SE"]
[BlackTeam "Geniusz Tata-Naszaly"]
[WhiteTeamCountry "HUN"]
[BlackTeamCountry "HUN"]

1. e4 e5 2. Nf3 Nc6 3. c3 Nf6 4. Qc2 d6 5. h3 Ne7 6. d4 Ng6 7. dxe5 dxe5 8. Bc4
h6 9. Be3 Bd6 10. Nbd2 a6 11. a4 Qe7 12. b4 O-O 13. Nf1 0-1

[Event "NB II. Breyer csoport"]
[Site "Torokbalint,"]
[Date "2023.10.29"]
[Round "2.11"]
[White "Szobi, Geza"]
[Black "Barak, Peter Kalman"]
[Result "1-0"]
[WhiteElo "1828"]
[BlackElo "1426"]
[PlyCount "55"]
[EventDate "2023.10.08"]
[EventType "team-tourn"]
[EventRounds "9"]
[EventCountry "HUN"]
[Source "chess.hu"]
[WhiteTeam "Geniusz Tata-Naszaly"]
[BlackTeam "Torokbalinti Sakk SE"]
[WhiteTeamCountry "HUN"]
[BlackTeamCountry "HUN"]

1. c4 Nf6 2. Nc3 e6 3. e4 d6 4. d4 d5 5. e5 Nfd7 6. cxd5 Nb6 7. Bb5+ c6 8. dxc6
bxc6 9. Be2 Bb7 10. Nf3 Nd5 11. Qb3 Qc7 12. Bg5 c5 13. O-O Be7 14. Nb5 Qd7 15.
Bxe7 Nxe7 16. Nd6+ Kf8 17. Qxb7 Qxb7 18. Nxb7 cxd4 19. Nxd4 Nd7 20. f4 Rb8 21.
Ba6 g6 22. Rac1 Kg7 23. Rc7 Nd5 24. Rxd7 Nb4 25. Nxe6+ Kg8 26. Bc4 fxe6 27.
Bxe6+ Kf8 28. f5 1-0